POLLUTION PREVENTION THE PROCEEDINGS SUMMER MEETING 1968 ON THE THEME THE CONTRIBUTION OF THE PETROLEUM INDUSTRY TO THE PRVENTION OF POLLUTIO (Record no. 583446)

000 -LEADER
fixed length control field 00369nam a22001097a 4500
082 ## - DEWEY DECIMAL CLASSIFICATION NUMBER
Classification number 628.5 POL'H
100 ## - MAIN ENTRY--PERSONAL NAME
Personal name HEPPLE, P
9 (RLIN) 78303
245 ## - TITLE STATEMENT
Title POLLUTION PREVENTION THE PROCEEDINGS SUMMER MEETING 1968 ON THE THEME THE CONTRIBUTION OF THE PETROLEUM INDUSTRY TO THE PRVENTION OF POLLUTIO
260 ## - PUBLICATION, DISTRIBUTION, ETC.
Place of publication, distribution, etc. LONDON
Name of publisher, distributor, etc. INSTITUTE OF PETROLEUM
Date of publication, distribution, etc. 1968
300 ## - PHYSICAL DESCRIPTION
Extent 223P
942 ## - ADDED ENTRY ELEMENTS (KOHA)
Koha item type Book
Holdings
Withdrawn status Lost status Damaged status Not for loan Permanent Location Current Location Shelving location Date acquired Total Checkouts Full call number Barcode Date last seen Price effective from Koha item type
        College of Electrical & Mechanical Engineering (CEME) College of Electrical & Mechanical Engineering (CEME) General Stacks 06/15/2017   628.5 POL'H CEME-8311 06/28/2021 06/28/2021 Book
© 2023 Central Library, National University of Sciences and Technology. All Rights Reserved.